[Event "Charlesbourg Fete du travail"]
[Site "Charlesbourg"]
[Date "2014.08.31"]
[Round "2"]
[White "Genest, Dominic"]
[Black "Couture, Francois"]
[Result "1-0"]
[WhiteElo "1303"]
[BlackElo "1062"]
[PlyCount "125"]
[EventDate "2014.08.31"]
[EventType "swiss"]
[EventRounds "5"]
[EventCountry "CAN"]
[SourceTitle "EXT 2022"]
[Source "ChessBase"]
[SourceDate "2021.10.06"]
[SourceVersion "1"]
[SourceVersionDate "2021.10.06"]
[SourceQuality "1"]

1. c4 f5 2. Nc3 Nf6 3. g3 d6 4. Bg2 g6 5. d3 Nc6 6. Rb1 e5 7. b4 Nd4 8. Nf3 c6 9. Nxd4 exd4 10. Na4 Bg7 11. Bb2 Nd7 12. e3 Qe7 13. Qe2 0-0 14. Bxd4 Bxd4 15. exd4 Qxe2+ 16. Kxe2 Re8+ 17. Kd2 Rb8 18. Rhe1 Nf6 19. Rxe8+ Nxe8 20. Nc3 Bd7 21. d5 Rc8 22. dxc6 Bxc6 23. Bf1 Nf6 24. Be2 h5 25. b5 Bg2 26. Nd1 Ng4 27. Bxg4 hxg4 28. Ne3 Bf3 29. Re1 Kg7 30. Nc2 Kf6 31. Nd4 d5 32. Nxf3 gxf3 33. Kc3 g5 34. h4 gxh4 35. gxh4 Rh8 36. Rh1 Ke6 37. c5 b6 38. c6 Kd6 39. d4 a6 40. a4 a5 41. h5 Rh6 42. Kd3 f4 43. Rh4 Kc7 44. Rxf4 Rxh5 45. Rxf3 Rh7 46. Rf5 Kd6 47. Rg5 Rf7 48. Ke3 Re7+ 49. Kf3 Re4 50. Rg4 Re6 51. Rg8 Rf6+ 52. Kg3 Rf7 53. Rd8+ Kc7 54. Rxd5 Rf6 55. f4 Re6 56. Rd7+ Kc8 57. f5 Rf6 58. Kf4 Rf8 59. Kg5 Kb8 60. f6 Rg8+ 61. Rg7 Rf8 62. f7 Kc7 63. Kf6 1-0